00826nam a22002417a 450000500170000001000130001702000110003003500130004103700160005404000120007008200160008210000240009824501010012225000120022326000450023527000440028030000290032465000260035365000290037994200250040899900190043395201320045220170124110237.0 aA-838041 c120.00 aA-838041 bCen Lib/Ret aDPLbEN a347.66bSIN aSingh, Avtar942161 aPrinciples of the law of evidence :cby Avtar Singhba study of the Indian evidence act 1872 / a10th ed aAllahbadbCentral Law Publicationsc1996 a107, Darbhanga ColonybAllahbade211002 axxxviii,392p.b22cm(pbk) aEvidence (Law)939782 aCross-examination941192 2ddccENh347.66mSIN c134920d134920 001040718REFaLbLd2015-07-31eCen Lib/Retg120.00l0o347.66 SINpA-838041r2015-07-31 00:00:00t1v120.00w2015-07-31yEN